Yu-Gi-Oh! ZEXAL - Sept empereurs Barian - Statistiques

Statistiques générales
  • Ce quiz a été pris 12 fois
  • Le résultat moyen est 3 sur 7
Statistiques - réponses
Indice Réponse % Correct
Mizael Mizar
100%
Arito Alioth
44%
Gilag Megrez
44%
Merag Merak
44%
Vector Phecda
44%
Nash Alkaïd
33%
Dorube Dubhé
33%
Aucun quiz correspondant
Distribution des résultats
% des personnes avec chaque résultat
Percentile par nombre de réponses
Votre historique - résultats
Vous n’avez pas pris ce quiz